Cervantes' Novelas ejemplares : a selective, annotated bibliography /

Bibliographic Details
Main Author: Drake, Dana B.
Format: Book
Language:English
Published: New York : Garland, 1981.
Edition:2nd ed., rev. and expanded.
Series:Garland reference library of the humanities ; v. 243.
Subjects:

MARC

Tag First Indicator Second Indicator Subfields
LEADER 00000cam a22000008a 4500
001 in00000090095
005 20160601121944.0
008 801107s1981 nyu b 00110 engm
010 |a  80008492  
020 |a 0824094735 :  |c $35.00 
035 |a (OCoLC)06982245 
035 |9 AAK6179AM 
040 |a DLC  |c DLC  |d m.c.  |d TXA  |d UtOrBLW 
049 |a TXAM  |c [388626] 
050 0 0 |a Z8158  |b D7 1981 
050 0 0 |a PQ6337 
082 0 |a 016.863/3  |2 19 
100 1 |a Drake, Dana B. 
245 1 0 |a Cervantes' Novelas ejemplares :  |b a selective, annotated bibliography /  |c Dana B. Drake. 
250 |a 2nd ed., rev. and expanded. 
263 |a 8104 
264 1 |a New York :  |b Garland,  |c 1981. 
300 |a xxiv, 218 pages ;  |c 23 cm. 
336 |a text  |b txt  |2 rdacontent 
337 |a unmediated  |b n  |2 rdamedia 
338 |a volume  |b nc  |2 rdacarrier 
490 1 |a Garland reference library of the humanities ;  |v v. 243 
500 |a First edition published in 1968 under title: Miguel de Cervantes Saavedra. 
500 |a Includes indexes. 
600 1 0 |a Cervantes Saavedra, Miguel de,  |d 1547-1616.  |t Novelas ejemplares  |x Bibliography. 
740 0 |a Novelas ejemplares. 
830 0 |a Garland reference library of the humanities ;  |v v. 243. 
999 |a MARS 
999 f f |s 80aa01a1-a70b-38e6-91f6-c22a78f3c657  |i 8a193b00-604e-321a-87ec-b34c8dcc2e66  |t 0 
952 f f |p ric  |a Texas A&M University  |b Rellis Campus  |c Joint Library Facility  |d Remote Storage  |t 0  |e Z8158 D7 1981  |h Library of Congress classification  |i unmediated -- volume  |m A14806002188 
998 f f |a Z8158 D7 1981  |t 0  |l Remote Storage